MARC details
| 000 -LEADER |
| fixed length control field |
02190cam a2200553 i 4500 |
| 001 - CONTROL NUMBER |
| control field |
2539745 |
| 005 - DATE AND TIME OF LATEST TRANSACTION |
| control field |
20210910101657.0 |
| 008 - FIXED-LENGTH DATA ELEMENTS--GENERAL INFORMATION |
| fixed length control field |
071103s2008 nyu 000 1 eng d |
| 010 ## - LIBRARY OF CONGRESS CONTROL NUMBER |
| LC control number |
2008577343 |
| 020 ## - INTERNATIONAL STANDARD BOOK NUMBER |
| International Standard Book Number |
9780515144598 (pbk.) : |
| Terms of availability |
$7.99 |
| 020 ## - INTERNATIONAL STANDARD BOOK NUMBER |
| International Standard Book Number |
0515144592 (pbk.) : |
| Terms of availability |
$7.99 |
| 035 ## - SYSTEM CONTROL NUMBER |
| System control number |
(OCoLC)ocn180754905 |
| 035 ## - SYSTEM CONTROL NUMBER |
| System control number |
1125937 |
| 035 ## - SYSTEM CONTROL NUMBER |
| System control number |
1830594 |
| 035 ## - SYSTEM CONTROL NUMBER |
| System control number |
1830594 |
| 040 ## - CATALOGING SOURCE |
| Original cataloging agency |
BTCTA |
| Language of cataloging |
eng |
| Transcribing agency |
BTCTA |
| Modifying agency |
BAKER |
| -- |
WIM |
| -- |
MR0 |
| -- |
OCLCQ |
| -- |
UPZ |
| -- |
YDXCP |
| -- |
P@N |
| -- |
OCLCQ |
| -- |
CQU |
| -- |
CIB |
| -- |
KL8 |
| -- |
DLC |
| -- |
NMM |
| -- |
LF3 |
| -- |
TXBXL |
| -- |
CNLNB |
| -- |
OCLCQ |
| -- |
BDX |
| -- |
EZB |
| -- |
IJ5 |
| Description conventions |
rda |
| 043 ## - GEOGRAPHIC AREA CODE |
| Geographic area code |
n-us-md |
| 049 ## - LOCAL HOLDINGS (OCLC) |
| Holding library |
IGAA |
| 050 14 - LIBRARY OF CONGRESS CALL NUMBER |
| Classification number |
PS3568.O243 |
| Item number |
H653 2008 |
| 082 04 - DEWEY DECIMAL CLASSIFICATION NUMBER |
| Classification number |
813.54 |
| Edition number |
22 |
| 092 ## - LOCALLY ASSIGNED DEWEY CALL NUMBER (OCLC) |
| Classification number |
F |
| 999 ## - SYSTEM CONTROL NUMBERS (KOHA) |
| Koha Dewey Subclass [OBSOLETE] |
F |
| 100 1# - MAIN ENTRY--PERSONAL NAME |
| Personal name |
Roberts, Nora. |
| 9 (RLIN) |
21076 |
| Relator term |
author |
| 245 14 - TITLE STATEMENT |
| Title |
The Hollow / |
| Statement of responsibility, etc |
Nora Roberts. |
| 260 ## - PUBLICATION, DISTRIBUTION, ETC. (IMPRINT) |
| Place of publication, distribution, etc |
New York : |
| Name of publisher, distributor, etc |
Jove Books, |
| Date of publication, distribution, etc |
2008. |
| 264 #1 - Production, Publication, Distribution, Manufacture, and Copyright Notice. |
| Place of production, publication, distribution, manufacture |
New York : |
| Name of producer, publisher, distributor, manufacturer |
Jove Books, |
| Date of production, publication, distribution, manufacture, or copyr |
2008. |
| 300 ## - PHYSICAL DESCRIPTION |
| Extent |
325 p. ; |
| Dimensions |
18 cm. |
| 336 ## - Content Type |
| Content type term |
text |
| 337 ## - Media type |
| Media type term |
unmediated |
| 338 ## - Carrier type |
| Carrier type term |
volume |
| 490 1# - SERIES STATEMENT |
| Series statement |
The sign of seven trilogy ; |
| Volume number/sequential designation |
bk. 2 |
| 500 ## - GENERAL NOTE |
| General note |
Includes preview of The pagan stone. |
| 520 ## - SUMMARY, ETC. |
| Summary, etc |
As the madness, which happens for seven days every seven years, prepares to descend upon the town of Hawkins Hollow, three men bound by blood and three woman bound by ancestry to a demon join forces to stop the terror from beginning again. |
| 650 #0 - SUBJECT ADDED ENTRY--TOPICAL TERM |
| Topical term or geographic name as entry element |
Telepathy |
| Form subdivision |
Fiction. |
| 9 (RLIN) |
5673928 |
| 650 #0 - SUBJECT ADDED ENTRY--TOPICAL TERM |
| Topical term or geographic name as entry element |
Spiritual warfare |
| Form subdivision |
Fiction. |
| 9 (RLIN) |
5763549 |
| 650 #0 - SUBJECT ADDED ENTRY--TOPICAL TERM |
| Topical term or geographic name as entry element |
Friendship |
| Form subdivision |
Fiction. |
| 9 (RLIN) |
5673769 |
| 650 #0 - SUBJECT ADDED ENTRY--TOPICAL TERM |
| Topical term or geographic name as entry element |
Blessing and cursing |
| Form subdivision |
Fiction. |
| 9 (RLIN) |
5675732 |
| 650 #7 - SUBJECT ADDED ENTRY--TOPICAL TERM |
| Topical term or geographic name as entry element |
Romantic suspense fiction. |
| Source of heading or term |
gsafd |
| 9 (RLIN) |
5676027 |
| 650 #7 - SUBJECT ADDED ENTRY--TOPICAL TERM |
| Topical term or geographic name as entry element |
FICTION / Romance / Contemporary |
| Source of heading or term |
bisacsh |
| 9 (RLIN) |
5679126 |
| 650 #7 - SUBJECT ADDED ENTRY--TOPICAL TERM |
| Topical term or geographic name as entry element |
FICTION / Romance / Paranormal |
| Source of heading or term |
bisacsh |
| 9 (RLIN) |
5711456 |
| 650 #7 - SUBJECT ADDED ENTRY--TOPICAL TERM |
| Topical term or geographic name as entry element |
FICTION / Romance / Suspense |
| Source of heading or term |
bisacsh |
| 9 (RLIN) |
5699112 |
| 651 #0 - SUBJECT ADDED ENTRY--GEOGRAPHIC NAME |
| Geographic name |
Maryland |
| Form subdivision |
Fiction. |
| 9 (RLIN) |
5704166 |
| 655 #7 - INDEX TERM--GENRE/FORM |
| Genre/form data or focus term |
Paranormal fiction |
| 9 (RLIN) |
5674233 |
| 655 #7 - INDEX TERM--GENRE/FORM |
| Genre/form data or focus term |
Love stories. |
| Source of term |
gsafd |
| 9 (RLIN) |
102729 |
| 655 #7 - INDEX TERM--GENRE/FORM |
| Genre/form data or focus term |
Paranormal fiction |
| Source of term |
gsafd |
| 9 (RLIN) |
5674233 |
| 787 0# - NONSPECIFIC RELATIONSHIP ENTRY |
| Note |
OCLC Work Id |
| Other item identifier |
http://worldcat.org/entity/work/id/4417307383 |
| 800 1# - SERIES ADDED ENTRY--PERSONAL NAME |
| Personal name |
Roberts, Nora. |
| Title of a work |
Sign of seven trilogy ; |
| Volume/sequential designation |
bk. 2. |
| 9 (RLIN) |
74593 |
| 942 ## - ADDED ENTRY ELEMENTS (KOHA) |
| Source of classification or shelving scheme |
Dewey Decimal Classification |
| Koha item type |
BOOK |